Nostradamns and his prophecies

Bibliographic Details
Main Author: Leoni, Edgar
Format: Book
Published: New York : Bell Publishing , 1982
Subjects:

MARC

LEADER 00000cam a2200000 7i4500
001 0000004711
002 000005080
005 20000330.0
020 |a 051738809X 
090 0 0 |a 133.3   |b LEO 
100 1 |a Leoni, Edgar 
245 1 0 |a Nostradamns and his prophecies   |c Edger Leoni 
260 |a New York :   |b Bell Publishing ,   |c 1982 
300 |a 823p. ;   |c 25cm. 
650 0 0 |a Prophecies(Occult science) 
999 |a 025069   |b BUKU   |c PINJAMAN   |e PERPUSTAKAAN KOMUNITI PETALING JAYA 
999 |a 037481   |b BUKU   |c PINJAMAN   |e PERPUSTAKAAN KOMUNITI PETALING JAYA